Toutes les équipes jouées par la France de Deschamps - Statistiques

Statistiques générales
  • Ce quiz a été pris 97 fois
    84 depuis la dernière actualisation
  • Le résultat moyen est 48 sur 60
Statistiques - réponses
Années du/des matchs Réponse % Correct
2018, 2022 Argentine
97%
2014, 2015, 2016, 2020, 2021, 2024 Portugal
97%
2013, 2014, 2015, 2016, 2017, 2018, 2021, 2023, 2024, 2025 Allemagne
96%
2015, 2017, 2022 Angleterre
96%
2013, 2018, 2022 Australie
96%
2013, 2015, 2026 Brésil
96%
2012, 2013, 2014, 2017, 2021, 2024, 2025 Espagne
96%
2022 Maroc
96%
2014, 2016, 2021 Suisse
96%
2016, 2018, 2023 Irlande
95%
2014, 2016, 2017, 2020 Suède
95%
2013, 2015, 2018, 2021, 2024 Belgique
93%
2016, 2018 Russie
93%
2012, 2013, 2018 Uruguay
93%
2012, 2013, 2020, 2021 Finlande
92%
2012, 2016, 2018, 2024 Italie
92%
2015, 2018, 2022 Danemark
90%
2013, 2020, 2021, 2025 Ukraine
90%
2024 Canada
89%
2012 Japon
89%
2018 Etats-Unis
88%
2016, 2019, 2025 Islande
88%
2022, 2024 Pologne
88%
2016 Roumanie
88%
2018, 2026 Colombie
86%
2018, 2020, 2022, 2025 Croatie
86%
2018 Pérou
86%
2022 Tunisie
86%
2023 Grèce
85%
2014 Norvège
84%
2024 Chili
82%
2016, 2023 Ecosse
82%
2022 Afrique du Sud
79%
2014, 2015, 2016, 2019 Albanie
79%
2022, 2024 Autriche
79%
2021 Hongrie
79%
2014, 2016, 2017, 2018, 2023, 2024 Pays-bas
79%
2017, 2021 Pays de Galles
79%
2016, 2022 Côte d'Ivoire
77%
2019 Turquie
77%
2019 Andorre
75%
2012, 2013, 2016, 2017 Biélorussie
74%
2014, 2015 Serbie
74%
2021 Bosnie
73%
2017, 2024 Luxembourg
71%
2016, 2017, 2021 Bulgarie
70%
2014 Equateur
70%
2023 Gibraltar
70%
2019 Bolivie
68%
2014, 2017 Paraguay
67%
2014 Honduras
66%
2021 Kazakhstan
66%
2016 Cameroun
63%
2014, 2015 Arménie
60%
2014 Nigéria
60%
2025 Azerbaidjan
59%
2024 Israel
58%
2014 Jamaïque
56%
2013 Géorgie
55%
2019 Moldavie
55%
Aucun quiz correspondant
Distribution des résultats
% des personnes avec chaque résultat
Percentile par nombre de réponses
Votre historique - résultats
Vous n’avez pas pris ce quiz depuis la dernière actualisation